| 000 | 00766cab a2200253 4500 | ||
|---|---|---|---|
| 001 | WB3301-82 | ||
| 008 | 090401t1996 xxu||||| |||| 00| 0 eng d | ||
| 035 | _a(Sirsi) u13342 | ||
| 041 | _aeng | ||
| 245 | _aTransport grants cut | ||
| 260 | _c1996 | ||
| 350 | _a0 | ||
| 490 |
_aFinancial Times _v17 December 1996, 16(1) |
||
| 520 | _aLocal authority transport fund grants have been cut for 1997. The shortfall will be made up by the £200m allocation to projects under the Capital Challenge scheme. | ||
| 650 | _aCAPITAL CHALLENGE | ||
| 650 | _aFUNDING | ||
| 650 | _aGRANTS | ||
| 650 | _aLOCAL AUTHORITIES | ||
| 650 | _aROAD MAINTENANCE | ||
| 650 | _aTRANSPORT PROJECTS | ||
| 690 | _aTRANSPORT AND COMMUNICATIONS | ||
| 942 | _n0 | ||
| 948 | _c04/03/1997 | ||
| 999 |
_c8600 _d8600 |
||